Beegas Nominees Ltd v Decco Ltd (Record no. 73833)

MARC details
000 -LEADER
fixed length control field 01567cam a2200253 4500
001 - CONTROL NUMBER
control field ABS67265
008 - FIXED-LENGTH DATA ELEMENTS--GENERAL INFORMATION
fixed length control field 031124n2003 000 0 eng u
035 ## - SYSTEM CONTROL NUMBER
System control number (Sirsi) u124435
245 ## - TITLE STATEMENT
Title Beegas Nominees Ltd v Decco Ltd
260 ## - PUBLICATION, DISTRIBUTION, ETC.
Date of publication, distribution, etc. 2003
490 ## - SERIES STATEMENT
Series statement Estates Gazette Law Reports
Volume/sequential designation [2003] 43 EG 138 138-141(4)
520 ## - SUMMARY, ETC.
Summary, etc. [2003] EWHC 1891 31 July 2003. Application by the claimant landlord (B) under the Arbitration Act 1996 s45 for the determination of rent payable on a lease of a distribution warehouse at Stone Business park let to the defendant tenant (D). The lease was subject to upwards-only rent reviews. The new rent was to be the higher of the current rent or the Market Rental Value. The lease required the arbitrator to use evidence of rental values at two specified business parks as if those premises were situated upon Stone Business Park. B contended that the subclause required the arbitrator to ignore the geographical location of the comparable lettings and to substitute for it a location in the business park. D contended that the subclause did not require the arbitrator to make an adjustment. "Held" the declaration was made as requested by the landlord.
590 ## - LOCAL NOTE (RLIN)
Local note ABS
650 ## - SUBJECT ADDED ENTRY--TOPICAL TERM
Topical term or geographic name entry element RENT REVIEWS
650 ## - SUBJECT ADDED ENTRY--TOPICAL TERM
Topical term or geographic name entry element MARKET RENTAL VALUES
650 ## - SUBJECT ADDED ENTRY--TOPICAL TERM
Topical term or geographic name entry element ASSUMPTIONS
650 ## - SUBJECT ADDED ENTRY--TOPICAL TERM
Topical term or geographic name entry element VALUATIONS
650 ## - SUBJECT ADDED ENTRY--TOPICAL TERM
Topical term or geographic name entry element PROPERTY-COMMERCIAL PROPERTY
650 ## - SUBJECT ADDED ENTRY--TOPICAL TERM
Topical term or geographic name entry element ARBITRATION ACT 1996
650 ## - SUBJECT ADDED ENTRY--TOPICAL TERM
Topical term or geographic name entry element BEEGAS NOMINEES LTD V DECCO LTD
650 ## - SUBJECT ADDED ENTRY--TOPICAL TERM
Topical term or geographic name entry element COMPARABLE PROPERTIES
690 ## - LOCAL SUBJECT ADDED ENTRY--TOPICAL TERM (OCLC, RLIN)
Topical term or geographic name as entry element LANDLORD AND TENANT-BUSINESS TENANCIES-CASE LAW
942 ## - ADDED ENTRY ELEMENTS (KOHA)
Suppress in OPAC 0
Holdings
Withdrawn status Lost status Source of classification or shelving scheme Damaged status Not for loan Home library Current library Shelving location Date acquired Total Checkouts Full call number Barcode Date last seen Copy number Price effective from Koha item type
    Dewey Decimal Classification     London London Journal article 24/11/2003   ABS67265 124435-1001 06/08/2019 1 06/08/2019 Law report